| 000 | 00953nam a22002537a 4500 | ||
|---|---|---|---|
| 005 | 2013011102422.0 | ||
| 008 | 130111t xxu||||| |||| 00| 0 eng d | ||
| 010 | _aENG-106546 | ||
| 020 |
_a0198082924 _c995.00 |
||
| 020 |
_a9780198082927 _c995.00 |
||
| 035 | _aEN-90079 | ||
| 037 | _bDBAD / PUB | ||
| 040 |
_aDPL _bENG |
||
| 100 | _91433 | ||
| 245 |
_aControlling the water : _cedited by Dik Roth [and] Linden Vincent _bmatching technology and institutions in irrigation management in India and Nepal / |
||
| 260 |
_aNew Delhi _bOxford University Press _c2013 |
||
| 270 |
_aYMCA Library Building, 1 Jai Singh Road, _bNew Delhi _e110001 |
||
| 300 |
_axvii, 406 p. : _c22cm(Hb) |
||
| 500 | _aIncludes bibliographical references | ||
| 700 |
_954724 _aRoth, Dik |
||
| 700 |
_aVincent, Linden _954727 |
||
| 942 |
_2ddc _cEN _mCON |
||
| 999 |
_c72894 _d72894 |
||